000 00442nam a22001817a 4500
003 koha_MIRAKIL
005 20231213095618.0
008 231213b |||||||| |||| 00| 0 ||| d
020 _b978-0-435-28820-4
040 _aTR-IsEVY
_btur
_cTR-IsEVY
082 _a420 HEA/M
100 _aHEARNS, CAROLYNE.
245 0 _aMISS ELECTRA'S FRIENDS.
260 _bMacmillan,
_c1996
300 _a24.
650 _aİngiliz Dili.
942 _2ddc
_cBK
999 _c6541
_d6541